Score 0/65 Timer 07:00
1 Play Today
Hint 5-Letter Word % Correct
It neighs*HORSE*
97.4%
Hospital health workerNURSE
97%
In UK English, it's a 'handbag'PURSE
96%
Viking languageNORSE
95%
Commercial flying machinePLANE
94%
LocationPLACE
94%
Absence of warPEACE
93.5%
Burial spot after deathGRAVE
89.1%
Objects in which bees liveHIVES
89%
Length of woodPLANK
89%
Henry VIII had sixWIVES
88.6%
Trick for humorous purposesPRANK
88.6%
Travelled by carDROVE
87.7%
Peaceful birdsDOVES
87.3%
Construction machinery for lifting*CRANE*
86%
Evaluate academically GRADE
85.5%
A lush wooded areaGROVE
85.4%
Plunges, like UK's Tom DaleyDIVES
85.4%
To turn a handle hardCRANK
85.4%
Welcomes from a distanceWAVES
84.9%
Ozzy-led metal band: ___ Sabbath*BLACK*
84.8%
DwellsLIVES
84.8%
Big pile (of papers or pancakes)STACK
84.7%
A timepieceCLOCK
84.5%
Frogs do thisCROAK
83.7%
Not freshSTALE
83.7%
Jack climbed thisSTALK
83.5%
Commit to paperWRITE
83.5%
Cooked in oilFRIED
83.1%
Patiently sticks aroundWAITS
83%
Thieved or misappropriatedSTOLE
83%
Hepatic organLIVER
82.9%
It's not to be worn after Labor Day*WHITE*
82.9%
Hint 5-Letter Word % Correct
Long cape-like garmentCLOAK
82.6%
Prevent or impedeBLOCK
82.2%
Unsightly skin growthsWARTS
82%
LiberatedFREED
81.3%
US term for 'chips'FRIES
81.2%
Tedious continuous noise*DRONE*
81.2%
Loose, undisciplinedSLACK
80.4%
Rock*STONE*
80.3%
To complainWHINE
80%
Alumni (abbr., plural)GRADS
79.9%
Unsightly old womanCRONE
79.6%
Things for saleWARES
79.5%
Legal commandsWRITS
77.9%
Emit lightSHINE
77.7%
'Goosebumps' author R.L.STINE
76.9%
Excellent, like Tsar Peter or AlexanderGREAT
75.3%
Possesses or graspsHOLDS
73.5%
Nationality of someone born in ZagrebCROAT
73.4%
Distributes, gives outDOLES
73.2%
Eco-friendly*GREEN*
72.7%
Romeo or Paris, e.g.LOVER
72.6%
Float in a fixed position*HOVER*
71.9%
AvariceGREED
71.9%
French for 'winter'HIVER
71.8%
Latin for 'in and of itself' (two words)PER SE
71.7%
Provokes or teasesGOADS
71.6%
UK village: ___ PottagePEASE
70%
California-based gym chainGOLD'S
69.8%
Young adult novel by Louis SacharHOLES
68%
Medieval English coinGROAT
66.6%
American composer CharlesGREAN
65.4%
*COMMON BOND**FLIES*
34.8%

Today's Daily Dose

Remove Ads.
Support Sporcle.
Get the best of Sporcle when you Go Orange. This ad-free experience offers more features, more stats, and more fun while also helping to support Sporcle. Thank you for becoming a member.

You're not logged in!

Compare scores with friends on all Sporcle quizzes.
OR
Log In

Show Comments

Extras

Top Quizzes Today


Score Distribution

Your Account Isn't Verified!

In order to create a playlist on Sporcle, you need to verify the email address you used during registration. Go to your Sporcle Settings to finish the process.

Report this User

Report this user for behavior that violates our Community Guidelines.

Details: